<?xml version="1.0" encoding="UTF-8"?><?xml-stylesheet type="text/xsl" href="static/style.xsl"?><OAI-PMH xmlns="http://www.openarchives.org/OAI/2.0/" xmlns:xsi="http://www.w3.org/2001/XMLSchema-instance" xsi:schemaLocation="http://www.openarchives.org/OAI/2.0/ http://www.openarchives.org/OAI/2.0/OAI-PMH.xsd"><responseDate>2026-04-18T00:50:53Z</responseDate><request verb="GetRecord" identifier="oai:www.recercat.cat:10459.1/469667" metadataPrefix="marc">https://recercat.cat/oai/request</request><GetRecord><record><header><identifier>oai:recercat.cat:10459.1/469667</identifier><datestamp>2026-03-02T19:39:56Z</datestamp><setSpec>com_2072_3622</setSpec><setSpec>col_2072_479130</setSpec></header><metadata><record xmlns="http://www.loc.gov/MARC21/slim" xmlns:dcterms="http://purl.org/dc/terms/" xmlns:xsi="http://www.w3.org/2001/XMLSchema-instance" xmlns:doc="http://www.lyncode.com/xoai" xsi:schemaLocation="http://www.loc.gov/MARC21/slim http://www.loc.gov/standards/marcxml/schema/MARC21slim.xsd">
   <leader>00925njm 22002777a 4500</leader>
   <datafield ind2=" " ind1=" " tag="042">
      <subfield code="a">dc</subfield>
   </datafield>
   <datafield ind2=" " ind1=" " tag="720">
      <subfield code="a">Garrido Giménez, Carmen</subfield>
      <subfield code="e">author</subfield>
   </datafield>
   <datafield ind2=" " ind1=" " tag="720">
      <subfield code="a">Nan, Madalina Nicoleta</subfield>
      <subfield code="e">author</subfield>
   </datafield>
   <datafield ind2=" " ind1=" " tag="720">
      <subfield code="a">Cruz Lemini, Mónica</subfield>
      <subfield code="e">author</subfield>
   </datafield>
   <datafield ind2=" " ind1=" " tag="720">
      <subfield code="a">García Manau, Pablo</subfield>
      <subfield code="e">author</subfield>
   </datafield>
   <datafield ind2=" " ind1=" " tag="720">
      <subfield code="a">Garcia Osuna, Álvaro</subfield>
      <subfield code="e">author</subfield>
   </datafield>
   <datafield ind2=" " ind1=" " tag="720">
      <subfield code="a">Ullmo, Johana</subfield>
      <subfield code="e">author</subfield>
   </datafield>
   <datafield ind2=" " ind1=" " tag="720">
      <subfield code="a">Mora, Josefina</subfield>
      <subfield code="e">author</subfield>
   </datafield>
   <datafield ind2=" " ind1=" " tag="720">
      <subfield code="a">Sánchez García, Olga</subfield>
      <subfield code="e">author</subfield>
   </datafield>
   <datafield ind2=" " ind1=" " tag="720">
      <subfield code="a">Medina Mallén, Maria Del Carmen</subfield>
      <subfield code="e">author</subfield>
   </datafield>
   <datafield ind2=" " ind1=" " tag="720">
      <subfield code="a">Chóliz, Marta</subfield>
      <subfield code="e">author</subfield>
   </datafield>
   <datafield ind2=" " ind1=" " tag="720">
      <subfield code="a">Platero, Judit</subfield>
      <subfield code="e">author</subfield>
   </datafield>
   <datafield ind2=" " ind1=" " tag="720">
      <subfield code="a">Llurba, Elisa</subfield>
      <subfield code="e">author</subfield>
   </datafield>
   <datafield ind2=" " ind1=" " tag="720">
      <subfield code="a">Pelegay Escartín, Maria José</subfield>
      <subfield code="e">author</subfield>
   </datafield>
   <datafield ind2=" " ind1=" " tag="260">
      <subfield code="c">2026-01</subfield>
   </datafield>
   <datafield ind2=" " ind1=" " tag="520">
      <subfield code="a">Background
Angiogenic biomarkers aid in short-term prediction of preeclampsia (PE) but are often limited by false-positive results. N-terminal pro–B-type natriuretic peptide (NT-proBNP), which is elevated in PE due to cardiovascular dysfunction, may enhance diagnostic precision. This study evaluated whether adding NT-proBNP to the soluble fms-like tyrosine kinase-1 (sFlt-1)/placental growth factor (PlGF) ratio improves prediction of PE and associated complications within 1 week.

Methods
We performed a prospective multicenter case-control study in pregnancies with suspected PE between 24 + 0 and 41 + 0 weeks. Three models evaluated the addition of NT-proBNP (cutoff ≥116 pg/mL) to the sFlt-1/PlGF ratio using thresholds &lt;38, ≥85, and 38 to 84. All models were assessed for early-onset, preterm, term, and overall PE prediction using receiver operating curve analysis, predictive metrics, and Kaplan–Meier survival curves.

Results
A total of 316 women (424 serum samples) were included. PE occurred in 23.4% of cases, including 8.5% early-onset PE. NT-proBNP levels were significantly elevated in PE cases. The addition of NT-proBNP improved early-onset PE prediction, particularly in intermediate-risk cases (sFlt-1/PlGF 38–84), achieving an area under the curve (AUC) of 0.949 and a negative predictive value (NPV) of 99.5%, outperforming sFlt-1/PlGF alone. Survival analysis revealed a shorter median time to delivery when both biomarkers were elevated (1.3 vs 4.0 weeks; P &lt; 0.001). For term PE, NT-proBNP increased positive predictive value when combined with sFlt-1/PlGF ≥ 38. In complicated PE, the combined model improved specificity (77.4%) and AUC (0.770), with an NPV of 91.1%.

Conclusions
NT-proBNP enhances the short-term predictive performance of the sFlt-1/PlGF ratio, particularly in intermediate-risk cases. This multimarker approach may refine risk stratification and support timely clinical intervention in pregnancies at risk of PE.</subfield>
   </datafield>
   <datafield ind1="8" ind2=" " tag="024">
      <subfield code="a">https://hdl.handle.net/10459.1/469667</subfield>
   </datafield>
   <datafield ind2="0" ind1="0" tag="245">
      <subfield code="a">Can NT-proBNP Enhance the Accuracy of Angiogenic Factors in the Short-Term Prediction of Preeclampsia?</subfield>
   </datafield>
</record></metadata></record></GetRecord></OAI-PMH>